| 000 | 01070nac a22002531u 4500 | ||
|---|---|---|---|
| 008 | 100915t xxu||||| |||| 00| 0 eng d | ||
| 010 | _a 2005028315 | ||
| 020 | _a0471700541 (cloth) | ||
| 020 | _a9780471700548 | ||
| 035 | _a(OCoLC)ocm61821712 | ||
| 082 | 0 | 0 |
_a628.3 _bTUR |
| 100 |
_aTurovskiy, Izrail S. _919165 |
||
| 245 | 1 | 0 |
_aWastewater Sludge Processing / _cIzrail S. Turovskiy & P.K. Mathai. |
| 260 |
_aHoboken, N.J. : _bWiley-Interscience,2006 _c2006. |
||
| 300 |
_axii, 354 p. : _bill. ; _c25 cm. |
||
| 504 | _aIncludes bibliographical references and index. | ||
| 650 | 0 |
_aSewage sludge. _919166 |
|
| 650 | 0 |
_aSewage _xPurification. _919167 |
|
| 700 | 1 |
_aMathai, P.K. _919168 |
|
| 856 | 4 | 1 |
_3Table of contents _uhttp://www.loc.gov/catdir/toc/ecip061/2005028315.html |
| 856 | 4 | 1 |
_3Publisher description _uhttp://www.loc.gov/catdir/enhancements/fy0658/2005028315-d.html |
| 942 |
_cBB _k628.3TUR _2ddc |
||
| 999 |
_c2191 _d2191 |
||